| 000 | 00748nam a2200193Ia 4500 | ||
|---|---|---|---|
| 005 | 20251020182609.0 | ||
| 008 | 200515s9999 xx 000 0 und d | ||
| 082 | _aSC/621.398.88/T52 | ||
| 110 | _aTicino | ||
| 245 | 0 | _aInstalación eléctrica Magic y Forma : manual de instalación | |
| 260 | _aSantiago de Chile | ||
| 260 | _c1993 | ||
| 300 | _as.n. | ||
| 520 | _aEste manual ilustra las instalaciones más significativas de mando, derivación y señalización. Es un valioso atlas de esquemas destinados a los instaladores que tengan la intención de renovar sus técnicas de instalación aprovechando las ventajas de la modu | ||
| 650 | _aESQUEMAS ELECTRICOS | ||
| 650 | _aINSTALACIONES ELECTRICAS | ||
| 650 | _aMANUALES | ||
| 942 | _cLIB | ||
| 999 |
_c3287 _d3287 |
||